| 000 -LEADER |
| fixed length control field |
00621nam a22001217a 4500 |
| 008 - FIXED-LENGTH DATA ELEMENTS--GENERAL INFORMATION |
| fixed length control field |
200203b ||||| |||| 00| 0 eng d |
| 100 ## - MAIN ENTRY--AUTHOR'S NAME |
| Author's Name |
Karasek, Jan |
| 245 ## - TITLE STATEMENT |
| Title |
Padelky Ceskoslovenskych Postovnich Znamek 1918 - 1939 |
| 260 ## - PUBLICATION, DISTRIBUTION, ETC. (IMPRINT) |
| Place of publication, distribution, etc. |
Prague |
| Name of publisher, distributor, etc. |
Nakladatelstvi Dopravy a Spoju ; POFIS |
| Date of publication, distribution, etc. |
1963 |
| 650 ## - TOPICAL TERM (Tag) |
| Topical term or geographic name |
Czechoslovakia (1918-1992) | 1918-1939 | Forgeries and Counterfeits | Postal Markings -- Bogus and Forged | Covers -- Bogus and Fraudulent | Collecting -- Identification | Experts | Production | Errors and Varieties | Postal Issues | Overprints and Surcharges |
| 700 ## - SECONDARY AUTHOR, EDITOR OR ILLUSTRATOR |
| Personal Name |
Kvasnicka, Zdenek |
| 700 ## - SECONDARY AUTHOR, EDITOR OR ILLUSTRATOR |
| Personal Name |
Paulicek, Bretislav |